|
|
|
|
| LEADER |
00000nam2a2200000 4500 |
| 001 |
307507 |
| 005 |
20250519163818.0 |
| 035 |
|
|
|a (RuTPU)RU\TPU\book\332800
|
| 090 |
|
|
|a 307507
|
| 100 |
|
|
|a 20151021d1981 k y0rusy5003 ca
|
| 101 |
0 |
|
|a rus
|
| 102 |
|
|
|a UA
|
| 105 |
|
|
|a y z 100zy
|
| 200 |
0 |
|
|a Ч. 1
|
| 210 |
|
|
|d 1981
|
| 215 |
|
|
|a 188 с.
|
| 461 |
|
1 |
|0 (RuTPU)RU\TPU\book\351338
|t Проблемы палеовулканологических реконструкций и картирования в связи с вулканогенным рудообразованием
|o тезисы докладов V Всесоюзного палеовулканического симпозиума, Черкассы, сентябрь й981 года
|o в 2 ч.
|f Академия наук Украинской ССР (АН УССР), Институт геохимии и физики минералов ; Академия наук Украинской ССР (АН УССР), Институт геологических наук (ИГН) ; под ред. И. В. Лучицкого
|v Ч. 1
|d 1981
|
| 606 |
1 |
|
|a Вулканизм
|2 stltpush
|3 (RuTPU)RU\TPU\subj\3799
|9 32148
|
| 606 |
1 |
|
|a Рудные (металлоносные) месторождения
|2 stltpush
|3 (RuTPU)RU\TPU\subj\26025
|9 50044
|
| 610 |
1 |
|
|a палеовулканизм
|
| 610 |
1 |
|
|a геологические карты
|
| 610 |
1 |
|
|a составление
|
| 610 |
1 |
|
|a рудообразование
|
| 610 |
1 |
|
|a вулканогенные комплексы
|
| 610 |
1 |
|
|a металлогения
|
| 610 |
1 |
|
|a региональные реконструкции
|
| 610 |
1 |
|
|a симпозиумы
|
| 610 |
1 |
|
|a Украина
|
| 675 |
|
|
|a 551.21(063)
|v 4
|
| 675 |
|
|
|a 553.3/.4(063)
|v 4
|
| 702 |
|
1 |
|a Лучицкий
|b И. В.
|g Игорь Владимирович
|4 340
|
| 801 |
|
0 |
|a RU
|b RuMRKP
|c 19950704
|g psbo
|
| 801 |
|
1 |
|a RU
|b 63413507
|c 20151021
|
| 801 |
|
2 |
|a RU
|b 63413507
|c 20181002
|g RCR
|
| 850 |
|
|
|a 63413507
|
| 942 |
|
|
|c BK
|